000 00760nam a2200289Ia 4500
005 20260324134218.0
008 008 260324s9999 xx 000 0 eng d
020 _a9781315704135
037 _aEBOOK
040 _aCRL
040 _beng
040 _cCRL
041 _2eng
041 _aeng
084 _qCRL
100 _aSherry J. Mou
_91195990
245 0 _aGentlemen's Prescriptions for Women's Lives: A Thousand Years of Biographies of Chinese Women
245 2 _bA Thousand Years of Biographies of Chinese Women
260 _bTaylor and Francis
260 _c2002
365 _a
365 _b255
856 _uhttp://www.taylorfrancis.com/books/9781315704135
942 _cEBOOK
999 _c1795810
_d1795810